logo

Bir Sreshtho Munshi Abdur Rouf Library
Jhenaidah Cadet College

বাংলাদেশ অর্থনৈতিক সমীক্ষা-২০১২ / (Record no. 7860)

MARC details
000 -LEADER
fixed length control field 00613nam a2200205 a 4500
001 - CONTROL NUMBER
JCCL Control Number 7860
003 - CONTROL NUMBER IDENTIFIER
JCCL marc code BD-JhCC
005 - DATE AND TIME OF LATEST TRANSACTION
control field 20180214174900.0
008 - FIXED-LENGTH DATA ELEMENTS--GENERAL INFORMATION
fixed length control field 180213s2008 bg d|||| |||| 000 0 ben d
035 ## - SYSTEM CONTROL NUMBER
system control number (BD-JhCC) 7860
040 ## - CATALOGING SOURCE
Original cataloging agency BD-JhCC
Modifying agency BD-JhCC
041 ## - LANGUAGE CODE
Language code of Book ben
082 ## - DEWEY DECIMAL CLASSIFICATION NUMBER
Classification number 330.95492
Author mark and Year BAN 2008
245 ## - TITLE STATEMENT
Title বাংলাদেশ অর্থনৈতিক সমীক্ষা-২০১২ /
260 ## - PUBLICATION, DISTRIBUTION, ETC. (IMPRINT)
Place of publication, distribution, etc ঢাকা :
Name of publisher, distributor, etc অর্থমণ্এণালয়,
Date of publication, distribution, etc 2012.
300 ## - PHYSICAL DESCRIPTION
Pagination 278p. :
Dimensions 24 cm.
Other physical details ill. ;
650 ## - SUBJECT ADDED ENTRY--TOPICAL TERM
Topical term or geographic name as entry element Economics condition
Geographic subdivision Bangladesh
942 ## - ADDED ENTRY ELEMENTS (KOHA)
Source of classification or shelving scheme Dewey Decimal Classification
Koha item type Books
Holdings
Source of classification or shelving scheme Damaged status Not for loan Home library Current library Shelving location Total Checkouts Full call number Barcode Date last seen Copy number Koha item type
Dewey Decimal Classification     JCC Rouf Library JCC Rouf Library General Stacks   330.95492 BAN 2008 10116 02/14/2018 C - 1 Books

JCC Library | Contacts | JCC Home

Last Update on 23 September 2017
Copyright @ 2017-2020 JCC Rouf Library
Rouf Library, Jhenidah Cadet College (JCC), Bangladesh